| 000 | 00354nam a22001457a 4500 | ||
|---|---|---|---|
| 003 | OSt | ||
| 005 | 20230608111022.0 | ||
| 008 | 230608b |||||||| |||| 00| 0 eng d | ||
| 040 | _cIIMT UNIVERSITY, MEERUT | ||
| 100 | _aAGARWAL, U | ||
| 245 | _aSOFTWARE ENGINEERING | ||
| 260 |
_aS.K. KATARIA & SONS _bNEW DELHI _c2012 |
||
| 300 | _a382 | ||
| 942 |
_2ddc _c09 |
||
| 999 |
_c56710 _d56710 |
||